50 plus grandes villes d'Indre-et-Loire - Statistiques

Statistiques générales
  • Ce quiz a été pris 78 fois
    19 depuis la dernière actualisation
  • Le résultat moyen est 29 sur 50
Statistiques - réponses
Pop Ville % Correct
12 700 Chambray les tours
100%
8 100 Chinon
100%
38 400 Joué les tours
100%
10 500 La riche
100%
6 200 Loches
100%
11 300 Montlouis sur Loire
100%
17 000 Saint Cyr sur loire
100%
15 900 Saint pierre des corps
100%
139 300 Tours
100%
13 000 Amboise
88%
8 500 Ballan Miré
88%
5 600 La ville aux dames
88%
15 000 Saint avertin
88%
4 400 Château Renault
75%
11 000 Fondettes
75%
4 600 Véretz
75%
5 400 Bléré
63%
4 900 Montbazon
63%
8 100 Monts
63%
2 600 Parçay meslay
63%
3 200 Saint Martin le beau
63%
3 400 Vouvray
63%
2 900 Athée sur cher
50%
3 400 Azay le rideau
50%
3 600 Bourgueuil
50%
4 400 Langeais
50%
5 100 Luynes
50%
4 800 Monnaie
50%
3 800 Nazelles négron
50%
3 200 Rochecorbon
50%
4 100 Saint maure de Touraine
50%
3 400 Savonnières
50%
6 900 Veigné
50%
3 200 Azay sur cher
38%
3 500 Chanceaux sur choisille
38%
3 400 Descartes
38%
6 300 Esvres
38%
3 300 La membrolle sur choisille
38%
2 700 Larçay
38%
2 300 Neuillé pont pierre
38%
4 500 Notre Dame d'oé
38%
2 900 Sorigny
38%
2 800 Artannes sur indre
25%
2 700 Beaumont en Véron
25%
4 000 Cinq mars la pile
25%
2 500 La croix en Touraine
25%
2 200 Semblançay
25%
2 900 Vernou sur brenne
25%
2 600 Saint branchs
13%
2 400 Truyes
13%
Aucun quiz correspondant
Distribution des résultats
% des personnes avec chaque résultat
Percentile par nombre de réponses
Votre historique - résultats
Vous n’avez pas pris ce quiz depuis la dernière actualisation